| 000 | 00596nam a2200205Ia 4500 | ||
|---|---|---|---|
| 003 | LK-CoDNM | ||
| 008 | 010623t2005 xxu||||| |||| 00| 1 Pali d | ||
| 040 |
_aLK-CoDNM _dLK-CoDNM _eLK-CoDNM |
||
| 041 |
_aPali _asin |
||
| 080 | _a294.3TRI | ||
| 100 |
_aNanaloka himi,Kodagoda _etr. |
||
| 245 | _aකථාවස්තුප්රකරණ 1 | ||
| 246 | _aKathavastuprakarana 1 | ||
| 260 |
_bBuddhist Cultural Centre _aDehiwala _c2005 |
||
| 300 | _bxxxxiii,589p, 30 cm | ||
| 500 | _aBuddha Jayanthi Tripitaka Series | ||
| 650 | _aAbhidharmapitaka | ||
| 650 | _aBuddhism | ||
| 942 | _cBK | ||
| 999 |
_c124599 _d124599 |
||